Floating architecture : (Record no. 65790)

MARC details
000 -LEADER
fixed length control field 01956nam a2200457Ki 4500
001 - CONTROL NUMBER
control field vtls003276661
003 - CONTROL NUMBER IDENTIFIER
control field MY-SjTCS
005 - DATE AND TIME OF LATEST TRANSACTION
control field 20200508124433.0
006 - FIXED-LENGTH DATA ELEMENTS--ADDITIONAL MATERIAL CHARACTERISTICS
fixed length control field m d
007 - PHYSICAL DESCRIPTION FIXED FIELD--GENERAL INFORMATION
fixed length control field cr cnu---unuuu
008 - FIXED-LENGTH DATA ELEMENTS--GENERAL INFORMATION
fixed length control field 181121s2017 gw ab ob 100 0 eng d
020 ## - INTERNATIONAL STANDARD BOOK NUMBER
International Standard Book Number 9783643959102
Qualifying information (electronic bk.)
020 ## - INTERNATIONAL STANDARD BOOK NUMBER
International Standard Book Number 3643959109
Qualifying information (electronic bk.)
020 ## - INTERNATIONAL STANDARD BOOK NUMBER
Canceled/invalid ISBN 9783643909107
020 ## - INTERNATIONAL STANDARD BOOK NUMBER
Canceled/invalid ISBN 3643909101
035 ## - SYSTEM CONTROL NUMBER
System control number 1686850
-- (N$T)
035 ## - SYSTEM CONTROL NUMBER
System control number (OCoLC)1060605739
035 ## - SYSTEM CONTROL NUMBER
System control number (OCoLC)on1060605739
039 #9 - LEVEL OF BIBLIOGRAPHIC CONTROL AND CODING DETAIL [OBSOLETE]
-- 201811211439
-- shuhada
040 ## - CATALOGING SOURCE
Original cataloging agency N$T
Language of cataloging eng
Description conventions rda
-- pn
Transcribing agency N$T
049 ## - LOCAL HOLDINGS (OCLC)
Holding library MAIN
082 04 - DEWEY DECIMAL CLASSIFICATION NUMBER
Classification number 720/.47
Edition number 23
245 00 - TITLE STATEMENT
Title Floating architecture :
Remainder of title construction on and near water /
Statement of responsibility, etc. edited by Horst Stopp and Peter Strangfeld.
264 #1 - PRODUCTION, PUBLICATION, DISTRIBUTION, MANUFACTURE, AND COPYRIGHT NOTICE
Place of production, publication, distribution, manufacture Berlin :
Name of producer, publisher, distributor, manufacturer LIT Verlag,
Date of production, publication, distribution, manufacture, or copyright notice [2017]
300 ## - PHYSICAL DESCRIPTION
Extent 1 online resource (134 pages) :
Other physical details illustrations, maps.
336 ## - CONTENT TYPE
Content type term text
Source rdacontent
337 ## - MEDIA TYPE
Media type term computer
Source rdamedia
338 ## - CARRIER TYPE
Carrier type term online resource
Source rdacarrier
490 1# - SERIES STATEMENT
Series statement Schwimmende Architektur/Floating architecture: Bauen am und auf dem Wasser/Building at the and on the water ;
Volume/sequential designation Band 1/volume 1
504 ## - BIBLIOGRAPHY, ETC. NOTE
Bibliography, etc. note Includes bibliographical references.
588 0# - SOURCE OF DESCRIPTION NOTE
Source of description note Print version record.
590 ## - LOCAL NOTE (RLIN)
Local note Added to collection customer.56279.3
650 #0 - SUBJECT ADDED ENTRY--TOPICAL TERM
Topical term or geographic name entry element Water and architecture
Form subdivision Congresses.
9 (RLIN) 292804
650 #0 - SUBJECT ADDED ENTRY--TOPICAL TERM
Topical term or geographic name entry element Floating buildings
Form subdivision Congresses.
9 (RLIN) 292805
655 #4 - INDEX TERM--GENRE/FORM
Genre/form data or focus term Electronic books.
9 (RLIN) 201578
700 1# - ADDED ENTRY--PERSONAL NAME
Personal name Stopp, Horst,
Relator term editor.
9 (RLIN) 292806
700 1# - ADDED ENTRY--PERSONAL NAME
Personal name Strangfeld, Peter,
Relator term editor.
9 (RLIN) 292807
776 08 - ADDITIONAL PHYSICAL FORM ENTRY
Relationship information Print version:
Title Floating architecture.
Place, publisher, and date of publication Berlin : LIT Verlag, [2017]
International Standard Book Number 9783643909107
Record control number (DLC) 2017446073
-- (OCoLC)992740647
830 #0 - SERIES ADDED ENTRY--UNIFORM TITLE
Uniform title Schwimmende Architektur - Bauen am und auf dem Wasser ;
Volume/sequential designation Band 1.
9 (RLIN) 292808
856 40 - ELECTRONIC LOCATION AND ACCESS
Uniform Resource Identifier https://ezproxy.taylors.edu.my/login?url=http://search.ebscohost.com/login.aspx?direct=true&scope=site&db=nlebk&db=nlabk&AN=1686850
Public note An electronic book accessible through the World Wide Web; click to view
Holdings
Withdrawn status Lost status Source of classification or shelving scheme Damaged status Not for loan Home library Current library Date acquired Cost, normal purchase price Total Checkouts Date last seen Price effective from Koha item type Public note
    Dewey Decimal Classification   e-book Taylor's Library-TU Taylor's Library - Perpetual(TU) 19/02/2020 161.07   19/02/2020 19/02/2020 Main Collection SABDx,83001,03,AD,PPT